PISA 2012 results: what students know and can do student performance in mathematics, reading and science

Salvato in:
Dettagli Bibliografici
Ente Autore: Programme for International Student Assessment (OECD)
Natura: Libro
Lingua:inglese
Pubblicazione: Paris OECD 2014
Edizione:revised edition
Soggetti:
Tags: Aggiungi Tag
Nessun Tag, puoi essere il primo ad aggiungerne!!

MARC

LEADER 00000nam$a2200000$$$4500
001 0189964
005 20240315121121.9
020 |a 978-92-64-20877-3 
041 0 |a eng 
044 |a FR 
245 1 0 |a PISA 2012 results: what students know and can do  |b student performance in mathematics, reading and science 
250 |a revised edition 
264 1 |a Paris  |b OECD  |c 2014 
300 |a 560 s. 
610 2 0 |a vyučovanie 
610 2 0 |a vzdelávanie 
610 2 0 |a zručnosti 
610 2 0 |a študenti 
610 2 0 |a vedomosti 
610 2 0 |a matematika 
610 2 0 |a veda 
610 2 0 |a gramotnosť 
610 2 0 |a prieskum 
610 2 0 |a dotazníky 
610 2 0 |a porovnanie štatistické medzinárodné 
710 2 |a Programme for International Student Assessment (OECD)